[Event "2016 Redpath Mining Millionaire Chess Open"]
[Site "Venue: Old Ed’s Sports Complex, Houghton, Johannesburg"]
[Date "2016.07.17"]
[Round "8"]
[Board "9"]
[White "Priyanshu, Srivastava"]
[Black "Oberholzer, Marni"]
[Result "0-1"]
[WhiteElo "1878"]
[BlackElo "1643"]
[PlyCount "0"]
[EventDate "2016.07.13"]
[EventRounds "9"]
[EventCountry "RSA"]

1. d4 {[%clk 1:30:45]} d5 {[%clk 1:30:43]} 2. c4 {[%clk 1:31:10]} c6
{[%clk 1:31:01]} 3. Nc3 {[%clk 1:31:35]} e6 {[%clk 1:30:29]} 4. e3
{[%clk 1:31:54]} Nf6 {[%clk 1:30:40]} 5. Nf3 {[%clk 1:32:14]} Bd6
{[%clk 1:30:31]} 6. Bd3 {[%clk 1:32:21]} Nbd7 {[%clk 1:30:31]} 7. O-O
{[%clk 1:31:10]} O-O {[%clk 1:30:03]} 8. Re1 {[%clk 1:29:39]} e5 {[%clk 1:22:19]}
9. cxd5 {[%clk 1:06:38]} cxd5 {[%clk 1:19:23]} 10. e4 {[%clk 1:02:57]} dxe4
{[%clk 1:15:22]} 11. Nxe4 {[%clk 1:02:07]} Nxe4 {[%clk 1:13:56]} 12. Bxe4
{[%clk 1:01:09]} exd4 {[%clk 1:13:25]} 13. Qxd4 {[%clk 0:54:27]} Qb6
{[%clk 1:11:11]} 14. Qxb6 {[%clk 0:34:42]} Nxb6 {[%clk 1:11:15]} 15. Be3
{[%clk 0:29:45]} Nc4 {[%clk 1:05:30]} 16. Bd4 {[%clk 0:29:00]} Bb4
{[%clk 1:04:31]} 17. Red1 {[%clk 0:28:04]} Nd6 {[%clk 1:03:05]} 18. Bd5
{[%clk 0:25:49]} Nf5 {[%clk 0:57:05]} 19. Be5 {[%clk 0:20:23]} Re8
{[%clk 0:50:40]} 20. Rac1 {[%clk 0:15:44]} Ne7 {[%clk 0:42:50]} 21. Bb3
{[%clk 0:12:59]} Bf5 {[%clk 0:40:53]} 22. Rc7 {[%clk 0:10:18]} b5
{[%clk 0:37:35]} 23. Ng5 {[%clk 0:08:09]} Bg6 {[%clk 0:36:03]} 24. Rdd7
{[%clk 0:05:24]} Kf8 {[%clk 0:34:34]} 25. a3 {[%clk 0:04:08]} Ba5
{[%clk 0:32:13]} 26. Rb7 {[%clk 0:04:24]} Bf5 {[%clk 0:31:54]} 27. Rd4
{[%clk 0:02:03]} Rac8 {[%clk 0:18:51]} 28. h3 {[%clk 0:01:45]} Bg6
{[%clk 0:12:35]} 29. Rf4 {[%clk 0:01:30]} Bd2 {[%clk 0:11:51]} 30. Nxh7+
{[%clk 0:01:09]} Kg8 {[%clk 0:11:38]} 31. Rd4 {[%clk 0:01:36]} Nc6
{[%clk 0:10:32]} 32. Rxd2 {[%clk 0:01:56]} Rxe5 {[%clk 0:10:51]} 33. Bc2
{[%clk 0:01:24]} Nd8 {[%clk 0:07:41]} 34. Rbd7 {[%clk 0:01:25]} Rxc2
{[%clk 0:06:44]} 35. Rxd8+ {[%clk 0:01:30]} Kxh7 {[%clk 0:07:08]} 36. R2d7
{[%clk 0:01:55]} Ree2 {[%clk 0:06:28]} 37. Rxa7 {[%clk 0:02:18]} Rxf2
{[%clk 0:06:43]} 38. Raa8 {[%clk 0:02:47]} Rxg2+ {[%clk 0:06:38]} 39. Kf1
{[%clk 0:03:16]} Kh6 {[%clk 0:04:56]} 40. Rh8+ {[%clk 0:03:44]} Kg5
{[%clk 0:05:10]} 41. Ra5 {[%clk 0:04:09]} Bd3+ {[%clk 0:05:22]} 0-1

[Event "2016 Redpath Mining Millionaire Chess Open"]
[Site "Venue: Old Ed’s Sports Complex, Houghton, Johannesburg"]
[Date "2016.07.17"]
[Round "8"]
[Board "10"]
[White "Basson, Petrus"]
[Black "Baxter, David Jarred"]
[Result "1-0"]
[WhiteElo "1679"]
[BlackElo "1662"]
[PlyCount "0"]
[EventDate "2016.07.13"]
[EventRounds "9"]
[EventCountry "RSA"]

1. e4 c5 2. Nf3 d6 3. d4 cxd4 4. Nxd4 Nf6 5. Nc3 a6 6. Be2 e6 7. a4 Be7 8. Be3
Bd7 9. O-O Nc6 10. Nb3 O-O 11. f4 Rc8 12. a5 Qc7 13. Bb6 Qb8 14. Qd2 Bd8 15. Rad1
Bxb6+ 16. axb6 Ne8 17. Bf3 Ne7 18. Qe3 Bc6 19. Rf2 Rd8 20. Rfd2 Nf6 21. Na5 Rd7
22. Nc4 Rfd8 23. g4 Ne8 24. g5 Ng6 25. Bg4 d5 26. exd5 Bxd5 27. Ne5 Nxe5 28. Qxe5
Qxe5 29. fxe5 Bc6 30. Rxd7 Rxd7 31. Rxd7 Bxd7 32. Bf3 Bc8 33. Ne4 Kf8 34. Nc5 Ke7
35. Nxb7 Bxb7 36. Bxb7 Kd7 1-0

[Event "2016 Redpath Mining Millionaire Chess Open"]
[Site "Venue: Old Ed’s Sports Complex, Houghton, Johannesburg"]
[Date "2016.07.17"]
[Round "8"]
[Board "11"]
[White "Correia, Adelino"]
[Black "Menyuku, Boitumelo Oscar"]
[Result "1-0"]
[WhiteElo "1649"]
[BlackElo "1785"]
[PlyCount "0"]
[EventDate "2016.07.13"]
[EventRounds "9"]
[EventCountry "RSA"]

1. e4 c5 2. Nc3 e5 3. Bc4 Nf6 4. f4 d6 5. Nf3 Be7 6. fxe5 dxe5 7. Nxe5 Qd4 8.
Bxf7+ Kf8 9. Nf3 Qb4 10. a3 Qb6 11. Bd5 Nc6 12. O-O c4+ 13. Kh1 Ng4 14. Qe1 Bf6
15. h3 Nge5 16. Nxe5 Nxe5 17. Qg3 Ke7 18. d3 cxd3 19. cxd3 Qd4 20. Be3 Qxd3 21.
Rad1 Qa6 22. Bc5+ Ke8 23. b4 Qxa3 24. Rxf6 gxf6 25. Qg7 Ng6 26. Qf7+ Kd8 27. Be6+
 1-0

[Event "2016 Redpath Mining Millionaire Chess Open"]
[Site "Venue: Old Ed’s Sports Complex, Houghton, Johannesburg"]
[Date "2016.07.17"]
[Round "8"]
[Board "12"]
[White "Molebatsi, Teboho"]
[Black "Waters, Anre"]
[Result "1-0"]
[WhiteElo "1734"]
[BlackElo "1537"]
[PlyCount "0"]
[EventDate "2016.07.13"]
[EventRounds "9"]
[EventCountry "RSA"]

1. e4 {[%clk 1:28:39]} c5 {[%clk 1:30:49]} 2. Nc3 {[%clk 1:29:02]} e6
{[%clk 1:30:58]} 3. f4 {[%clk 1:29:19]} d6 {[%clk 1:29:53]} 4. Nf3
{[%clk 1:29:41]} Nc6 {[%clk 1:30:07]} 5. Bb5 {[%clk 1:30:04]} Bd7
{[%clk 1:29:55]} 6. O-O {[%clk 1:29:53]} Nf6 {[%clk 1:29:14]} 7. d3
{[%clk 1:30:16]} Be7 {[%clk 1:29:04]} 8. Bxc6 {[%clk 1:26:19]} Bxc6
{[%clk 1:27:47]} 9. Qe1 {[%clk 1:26:44]} O-O {[%clk 1:24:03]} 10. Bd2
{[%clk 1:26:32]} b5 {[%clk 1:21:48]} 11. b3 {[%clk 1:25:17]} b4 {[%clk 1:18:53]}
12. Nd1 {[%clk 1:24:38]} a5 {[%clk 1:16:47]} 13. Ne3 {[%clk 1:24:02]} a4
{[%clk 1:16:16]} 14. f5 {[%clk 1:23:38]} axb3 {[%clk 1:12:15]} 15. axb3
{[%clk 1:23:02]} Rxa1 {[%clk 1:07:40]} 16. Qxa1 {[%clk 1:23:16]} Qa8
{[%clk 1:07:31]} 17. fxe6 {[%clk 1:22:00]} fxe6 {[%clk 1:06:50]} 18. Qe1
{[%clk 1:21:38]} Qe8 {[%clk 1:04:36]} 19. Ng5 {[%clk 1:21:16]} Bd7
{[%clk 1:03:46]} 20. Nf3 {[%clk 1:17:40]} Qh5 {[%clk 0:58:26]} 21. h3
{[%clk 1:15:20]} Qg6 {[%clk 0:54:43]} 22. Nh4 {[%clk 1:14:26]} Qe8
{[%clk 0:54:06]} 23. Bc1 {[%clk 1:14:13]} Nh5 {[%clk 0:53:55]} 24. Nc4
{[%clk 1:11:33]} Rxf1+ {[%clk 0:51:33]} 25. Kxf1 {[%clk 1:11:45]} Qf7+
{[%clk 0:50:11]} 26. Nf3 {[%clk 1:10:54]} Qg6 {[%clk 0:45:32]} 27. g4
{[%clk 1:03:19]} Qf7 {[%clk 0:44:13]} 28. Qe3 {[%clk 1:00:45]} Bg5
{[%clk 0:36:20]} 29. Nxd6 {[%clk 0:54:59]} Bxe3 {[%clk 0:30:30]} 30. Nxf7
{[%clk 0:55:07]} Bxc1 {[%clk 0:30:23]} 31. N7e5 {[%clk 0:55:30]} Ng3+
{[%clk 0:29:14]} 32. Kf2 {[%clk 0:52:21]} Nxe4+ {[%clk 0:29:28]} 33. dxe4
{[%clk 0:52:48]} Be8 {[%clk 0:29:31]} 34. Nd3 Ba3 35. Nxc5 {[%clk 0:52:46]} Bf7
{[%clk 0:26:08]} 36. Ne1 {[%clk 0:51:58]} Bb2 {[%clk 0:25:23]} 37. Ned3
{[%clk 0:51:54]} Bc3 {[%clk 0:23:22]} 38. Na6 {[%clk 0:52:08]} Kf8 39. Naxb4 Bxb4
{[%clk 0:23:12]} 40. Nxb4 {[%clk 0:52:31]} Ke7 {[%clk 0:23:39]} 41. e5
{[%clk 0:51:55]} Kd7 {[%clk 0:23:50]} 42. c4 {[%clk 0:51:55]} Kc7
{[%clk 0:23:56]} 43. c5 {[%clk 0:52:18]} Be8 {[%clk 0:23:30]} 44. Ke3
{[%clk 0:52:33]} g5 {[%clk 0:22:38]} 45. Kd4 {[%clk 0:51:58]} Bb5
{[%clk 0:22:19]} 46. Nd3 Bc6 {[%clk 0:22:23]} 47. b4 {[%clk 0:47:54]} Bg2 48. b5
{[%clk 0:47:27]} Bxh3 {[%clk 0:22:34]} 49. b6+ {[%clk 0:47:38]} Kb7 50. Nf2
{[%clk 0:47:33]} Bg2 {[%clk 0:22:47]} 51. Ne4 {[%clk 0:43:28]} h6
{[%clk 0:20:23]} 52. Nd6+ {[%clk 0:42:11]} Kb8 {[%clk 0:19:32]} 53. Nf7
{[%clk 0:41:50]} Bf3 {[%clk 0:18:28]} 54. Nxh6 {[%clk 0:41:58]} Kb7
{[%clk 0:18:48]} 55. Kc4 {[%clk 0:41:57]} Kc6 {[%clk 0:18:22]} 56. Kd4
{[%clk 0:39:46]} Bd5 {[%clk 0:15:16]} 57. Nf7 {[%clk 0:38:40]} Bf3
{[%clk 0:15:35]} 58. Nd8+ {[%clk 0:37:29]} Kd7 {[%clk 0:15:40]} 59. b7
{[%clk 0:37:21]} Kc7 {[%clk 0:15:47]} 60. c6 {[%clk 0:37:09]} Bxg4
{[%clk 0:15:40]} 61. Kc5 {[%clk 0:35:57]} Bf5 {[%clk 0:08:03]} 62. b8=Q+
{[%clk 0:34:27]} Kxb8 {[%clk 0:08:18]} 63. Kb6 {[%clk 0:34:49]} Be4
{[%clk 0:04:07]} 64. c7+ {[%clk 0:35:05]} Kc8 {[%clk 0:04:10]} 65. Nf7
{[%clk 0:35:20]} 1-0

[Event "2016 Redpath Mining Millionaire Chess Open"]
[Site "Venue: Old Ed’s Sports Complex, Houghton, Johannesburg"]
[Date "2016.07.17"]
[Round "8"]
[Board "14"]
[White "Jacobs, Cavan"]
[Black "Vedant, Kumar Saravana"]
[Result "1-0"]
[WhiteElo "1697"]
[BlackElo "1074"]
[PlyCount "0"]
[EventDate "2016.07.13"]
[EventRounds "9"]
[EventCountry "RSA"]

1. e4 {[%clk 1:30:57]} e5 {[%clk 1:31:25]} 2. Nf3 {[%clk 1:31:16]} Nc6
{[%clk 1:31:48]} 3. Bb5 {[%clk 1:31:41]} a6 {[%clk 1:32:06]} 4. Ba4
{[%clk 1:32:06]} Nf6 {[%clk 1:32:24]} 5. d3 {[%clk 1:32:21]} Bd6 {[%clk 1:31:27]}
6. c3 {[%clk 1:31:19]} O-O {[%clk 1:30:01]} 7. Nbd2 {[%clk 1:31:23]} b5
{[%clk 1:29:11]} 8. Bc2 {[%clk 1:31:38]} Bc5 {[%clk 1:29:09]} 9. Nb3
{[%clk 1:27:43]} Bb6 {[%clk 1:29:10]} 10. Bg5 {[%clk 1:27:12]} d6
{[%clk 1:28:01]} 11. O-O {[%clk 1:26:29]} Bg4 {[%clk 1:26:08]} 12. h3
{[%clk 1:25:42]} Bh5 {[%clk 1:26:09]} 13. g4 {[%clk 1:25:48]} Bg6
{[%clk 1:26:03]} 14. Nh4 {[%clk 1:25:15]} h6 {[%clk 1:25:30]} 15. Be3
{[%clk 1:19:29]} Ba7 {[%clk 1:20:58]} 16. Nf5 {[%clk 1:19:01]} Bxf5
{[%clk 1:17:01]} 17. gxf5 {[%clk 1:19:40]} Re8 {[%clk 1:14:06]} 18. Kh2
{[%clk 1:18:13]} Kh7 {[%clk 1:13:49]} 19. Rg1 {[%clk 1:18:11]} Rg8
{[%clk 1:13:36]} 20. Rg3 {[%clk 1:16:13]} Qf8 {[%clk 1:12:56]} 21. Qf3
{[%clk 1:13:30]} Qe8 {[%clk 1:03:47]} 22. Rag1 {[%clk 1:13:03]} Qf8
{[%clk 1:02:24]} 23. d4 {[%clk 1:10:39]} exd4 {[%clk 0:58:27]} 24. cxd4
{[%clk 1:11:02]} Nb4 {[%clk 0:55:57]} 25. Bb1 {[%clk 1:11:48]} Nc6
{[%clk 0:56:34]} 26. e5 {[%clk 1:11:39]} Nxd4 {[%clk 0:55:14]} 27. Nxd4
{[%clk 1:04:13]} dxe5 {[%clk 0:51:12]} 28. Nc6 {[%clk 1:03:32]} Bxe3
{[%clk 0:51:12]} 29. fxe3 {[%clk 1:03:32]} Qd6 {[%clk 0:46:53]} 30. Be4
{[%clk 0:58:49]} Qd2+ {[%clk 0:44:35]} 31. R3g2 {[%clk 0:58:56]} Qd6
{[%clk 0:39:42]} 32. b4 {[%clk 0:57:06]} Nxe4 {[%clk 0:39:29]} 33. Qxe4
{[%clk 0:57:23]} f6 {[%clk 0:36:29]} 34. Rg6 {[%clk 0:55:32]} Qd2+
{[%clk 0:35:34]} 35. R1g2 {[%clk 0:55:54]} Qd6 {[%clk 0:33:25]} 36. h4
{[%clk 0:52:03]} Kh8 {[%clk 0:26:29]} 37. Rc2 {[%clk 0:50:46]} Rac8
{[%clk 0:20:51]} 38. Rgg2 {[%clk 0:50:45]} Rge8 {[%clk 0:18:46]} 39. Rcd2 Qf8
{[%clk 0:17:37]} 40. Rd7 {[%clk 0:51:09]} Kh7 {[%clk 0:14:47]} 41. Qg4
{[%clk 0:50:27]} Kh8 {[%clk 0:13:27]} 42. Rxg7 {[%clk 0:49:52]} e4
{[%clk 0:12:48]} 43. Qf4 {[%clk 0:47:48]} Qxg7 {[%clk 0:12:58]} 44. Rxg7
{[%clk 0:48:13]} Kxg7 {[%clk 0:13:17]} 45. Qg4+ {[%clk 0:48:30]} Kh8
{[%clk 0:13:06]} 46. Qg6 {[%clk 0:48:48]} h5 {[%clk 0:12:22]} 47. Qxf6+
{[%clk 0:48:56]} Kh7 {[%clk 0:11:59]} 48. Ne7 {[%clk 0:49:17]} Rxe7
{[%clk 0:11:44]} 49. Qxe7+ {[%clk 0:49:42]} Kh6 {[%clk 0:11:45]} 50. Qe6+
{[%clk 0:49:49]} Kh7 {[%clk 0:11:15]} 51. Qxc8 {[%clk 0:50:12]} Kg7
{[%clk 0:10:34]} 52. Qe6 {[%clk 0:50:29]} Kh8 {[%clk 0:09:59]} 53. Qf7
{[%clk 0:50:47]} c5 {[%clk 0:10:09]} 54. f6 {[%clk 0:51:11]} cxb4
{[%clk 0:10:12]} 55. Qg7# 1-0

[Event "2016 Redpath Mining Millionaire Chess Open"]
[Site "Venue: Old Ed’s Sports Complex, Houghton, Johannesburg"]
[Date "2016.07.17"]
[Round "8"]
[Board "15"]
[White "Oberholzer, Imarie"]
[Black "Oosthuizen, Michal Jacobus"]
[Result "1-0"]
[WhiteElo "1504"]
[BlackElo "1357"]
[PlyCount "0"]
[EventDate "2016.07.13"]
[EventRounds "9"]
[EventCountry "RSA"]

1. e4 {[%clk 1:30:57]} c6 {[%clk 1:30:54]} 2. Nc3 {[%clk 1:30:25]} d5
{[%clk 1:30:44]} 3. d4 {[%clk 1:27:53]} dxe4 {[%clk 1:30:26]} 4. Nxe4
{[%clk 1:27:43]} Bf5 {[%clk 1:30:39]} 5. Ng3 {[%clk 1:27:22]} Bg6
{[%clk 1:31:01]} 6. h4 {[%clk 1:26:44]} h6 {[%clk 1:30:50]} 7. Nf3
{[%clk 1:25:54]} Nd7 {[%clk 1:30:33]} 8. Bc4 {[%clk 1:24:01]} Ngf6
{[%clk 1:30:08]} 9. c3 {[%clk 1:20:20]} e6 {[%clk 1:30:12]} 10. Bf4
{[%clk 1:15:55]} Be7 {[%clk 1:25:37]} 11. h5 {[%clk 1:13:15]} Bh7
{[%clk 1:25:46]} 12. O-O {[%clk 1:11:30]} O-O {[%clk 1:25:44]} 13. Bd3
{[%clk 1:02:57]} Bxd3 {[%clk 1:24:27]} 14. Qxd3 {[%clk 1:03:15]} Nd5
{[%clk 1:24:29]} 15. Bd2 {[%clk 1:00:15]} N7f6 {[%clk 1:23:59]} 16. Ne5
{[%clk 0:56:54]} Bd6 {[%clk 1:23:36]} 17. Qf3 {[%clk 0:52:20]} Ne7
{[%clk 1:22:50]} 18. Bxh6 {[%clk 0:50:02]} gxh6 {[%clk 1:08:52]} 19. Qxf6
{[%clk 0:49:42]} Bxe5 {[%clk 1:09:17]} 20. dxe5 {[%clk 0:49:20]} Kh7
{[%clk 1:09:32]} 21. Rad1 {[%clk 0:47:44]} Nd5 {[%clk 1:08:37]} 22. Qxd8
{[%clk 0:46:53]} Raxd8 {[%clk 1:08:33]} 23. Ne4 {[%clk 0:45:20]} Kg7
{[%clk 1:05:08]} 24. g3 {[%clk 0:39:38]} Nb6 {[%clk 1:04:41]} 25. Rxd8
{[%clk 0:33:37]} Rxd8 {[%clk 1:05:05]} 26. Nd6 {[%clk 0:33:29]} Rd7
{[%clk 1:05:08]} 27. f4 Kf8 {[%clk 1:04:09]} 28. f5 {[%clk 0:30:15]} Ke7
{[%clk 1:02:53]} 29. f6+ {[%clk 0:29:34]} Kf8 {[%clk 1:03:14]} 30. Rf4
{[%clk 0:29:03]} Nd5 {[%clk 1:03:34]} 31. Re4 {[%clk 0:27:51]} Nxf6
{[%clk 1:03:23]} 32. exf6 {[%clk 0:25:19]} Rxd6 {[%clk 1:03:45]} 33. Rd4
{[%clk 0:24:11]} Rxd4 {[%clk 1:03:44]} 34. cxd4 {[%clk 0:24:53]} Ke8
{[%clk 1:04:39]} 35. Kf2 {[%clk 0:25:07]} Kd7 {[%clk 1:04:06]} 36. Ke3 b5 37. b4
{[%clk 0:23:57]} a6 {[%clk 1:01:38]} 38. Ke4 {[%clk 0:24:01]} Ke8
{[%clk 1:00:52]} 39. Ke5 {[%clk 0:23:58]} Kd7 {[%clk 1:01:09]} 40. g4
{[%clk 0:24:17]} Ke8 {[%clk 1:01:08]} 41. g5 {[%clk 0:23:59]} Kf8
{[%clk 1:01:22]} 42. gxh6 {[%clk 0:24:15]} Kg8 {[%clk 1:01:47]} 43. Kd6
{[%clk 0:24:16]} Kh7 {[%clk 1:02:13]} 44. Ke7 {[%clk 0:24:37]} c5
{[%clk 1:02:21]} 1-0

[Event "2016 Redpath Mining Millionaire Chess Open"]
[Site "Venue: Old Ed’s Sports Complex, Houghton, Johannesburg"]
[Date "2016.07.17"]
[Round "8"]
[Board "16"]
[White "Dykema, Joshua"]
[Black "Smith, Elani"]
[Result "1/2-1/2"]
[WhiteElo "1472"]
[BlackElo "1168"]
[PlyCount "0"]
[EventDate "2016.07.13"]
[EventRounds "9"]
[EventCountry "RSA"]

1. d4 {[%clk 1:30:57]} Nf6 {[%clk 1:30:40]} 2. c4 {[%clk 1:31:18]} e6
{[%clk 1:31:00]} 3. Nc3 {[%clk 1:30:23]} Be7 {[%clk 1:29:59]} 4. e4
{[%clk 1:30:38]} d5 {[%clk 1:29:00]} 5. e5 {[%clk 1:30:56]} Ne4 {[%clk 1:27:45]}
6. Nxe4 {[%clk 1:28:29]} dxe4 {[%clk 1:27:51]} 7. Be3 {[%clk 1:23:48]} Nc6
{[%clk 1:25:55]} 8. g3 {[%clk 1:21:09]} Bb4+ {[%clk 1:24:44]} 9. Ke2
{[%clk 1:20:33]} Be7 {[%clk 1:19:44]} 10. Bg2 {[%clk 1:20:42]} f5
{[%clk 1:16:38]} 11. exf6 {[%clk 1:18:47]} Bxf6 {[%clk 1:16:49]} 12. Bxe4
{[%clk 1:17:23]} Nxd4+ {[%clk 1:15:50]} 13. Bxd4 {[%clk 1:16:52]} Qxd4
{[%clk 1:12:40]} 14. Qxd4 {[%clk 1:07:15]} Bxd4 {[%clk 1:12:59]} 15. Rb1
{[%clk 1:07:37]} O-O {[%clk 1:11:14]} 16. Nf3 {[%clk 1:07:11]} e5
{[%clk 1:09:47]} 17. Nxd4 {[%clk 1:02:35]} exd4 {[%clk 1:09:56]} 18. Rhd1
{[%clk 1:00:34]} Bg4+ {[%clk 1:09:59]} 19. f3 {[%clk 1:00:58]} Rae8
{[%clk 1:07:02]} 20. Rxd4 {[%clk 0:52:04]} Bxf3+ {[%clk 1:04:03]} 21. Ke3
{[%clk 0:51:51]} Re7 {[%clk 1:01:21]} 22. Rf1 {[%clk 0:51:21]} Bxe4
{[%clk 0:57:02]} 23. Rxf8+ {[%clk 0:51:07]} Kxf8 {[%clk 0:57:24]} 24. Rxe4
{[%clk 0:51:32]} c5 {[%clk 0:55:25]} 25. Rxe7 {[%clk 0:51:55]} Kxe7
{[%clk 0:55:46]} 26. b3 {[%clk 0:52:17]} Ke6 {[%clk 0:54:48]} 27. Kf4
{[%clk 0:51:37]} Kf6 {[%clk 0:54:47]} 28. h4 {[%clk 0:52:00]} h6 {[%clk 0:53:18]}
29. g4 g6 {[%clk 0:51:02]} 30. g5+ {[%clk 0:51:55]} hxg5+ {[%clk 0:51:10]} 31.
hxg5+ {[%clk 0:52:22]} Ke6 {[%clk 0:51:13]} 32. Ke4 1/2-1/2

[Event "2016 Redpath Mining Millionaire Chess Open"]
[Site "Venue: Old Ed’s Sports Complex, Houghton, Johannesburg"]
[Date "2016.07.17"]
[Round "8"]
[Board "17"]
[White "Schmidt, Nadia Esmeralda"]
[Black "Mostert, Gert"]
[Result "1-0"]
[WhiteElo "1394"]
[BlackElo "1457"]
[PlyCount "0"]
[EventDate "2016.07.13"]
[EventRounds "9"]
[EventCountry "RSA"]

1. Nf3 {[%clk 1:30:56]} d5 {[%clk 1:30:36]} 2. g3 {[%clk 1:31:10]} Nc6
{[%clk 1:30:43]} 3. d4 {[%clk 1:31:23]} Nf6 {[%clk 1:30:41]} 4. Bg2
{[%clk 1:31:22]} Bg4 {[%clk 1:30:20]} 5. Nbd2 {[%clk 1:31:22]} e6
{[%clk 1:29:55]} 6. c3 {[%clk 1:31:18]} Bd6 {[%clk 1:29:05]} 7. O-O
{[%clk 1:30:48]} O-O {[%clk 1:28:52]} 8. h3 {[%clk 1:29:25]} Bh5 {[%clk 1:28:29]}
9. Re1 {[%clk 1:26:16]} e5 {[%clk 1:27:33]} 10. dxe5 {[%clk 1:25:13]} Nxe5
{[%clk 1:27:38]} 11. Nxe5 {[%clk 1:22:58]} Bxe5 {[%clk 1:27:21]} 12. Nf3
{[%clk 1:22:19]} Bd6 {[%clk 1:27:11]} 13. Bg5 {[%clk 1:21:17]} c6
{[%clk 1:26:16]} 14. Qd2 {[%clk 1:13:09]} h6 {[%clk 1:24:27]} 15. Bxf6
{[%clk 1:09:58]} Qxf6 {[%clk 1:24:33]} 16. Qd4 {[%clk 1:08:16]} Qxd4
{[%clk 1:22:39]} 17. Nxd4 {[%clk 1:07:58]} f5 {[%clk 1:22:23]} 18. e3
{[%clk 1:06:21]} g5 {[%clk 1:21:19]} 19. a4 Bg6 {[%clk 1:17:14]} 20. Rac1
{[%clk 0:58:33]} Rfe8 {[%clk 1:12:43]} 21. b4 {[%clk 0:57:16]} Rad8
{[%clk 1:10:01]} 22. b5 {[%clk 0:54:06]} Bc5 {[%clk 1:06:32]} 23. bxc6
{[%clk 0:52:32]} Bxd4 {[%clk 1:06:17]} 24. cxd4 {[%clk 0:52:27]} bxc6
{[%clk 1:02:38]} 25. Rxc6 {[%clk 0:52:17]} Kf7 {[%clk 1:02:40]} 26. Rc7+
{[%clk 0:49:29]} Re7 {[%clk 1:02:55]} 27. Rec1 {[%clk 0:49:03]} Rdd7
{[%clk 1:01:44]} 28. R7c5 {[%clk 0:46:27]} Ke6 {[%clk 0:59:54]} 29. Rc6+ Rd6 30.
R1c5 {[%clk 0:43:25]} Kd7 {[%clk 0:49:27]} 31. Rxd6+ {[%clk 0:42:31]} Kxd6
{[%clk 0:49:34]} 32. Rxd5+ Kc7 {[%clk 0:49:20]} 33. Rc5+ {[%clk 0:41:56]} Kd7
{[%clk 0:48:50]} 34. Bc6+ {[%clk 0:41:10]} Kd8 {[%clk 0:48:33]} 35. Bb5
{[%clk 0:40:21]} Rc7 {[%clk 0:46:07]} 36. Rd5+ {[%clk 0:37:34]} Ke7
{[%clk 0:45:57]} 37. Re5+ {[%clk 0:35:05]} Kd6 {[%clk 0:45:17]} 38. g4
{[%clk 0:31:25]} f4 {[%clk 0:43:01]} 39. Kf1 {[%clk 0:29:02]} Rf7
{[%clk 0:40:07]} 40. Ke2 {[%clk 0:27:32]} fxe3 {[%clk 0:37:23]} 41. fxe3
{[%clk 0:25:32]} Re7 {[%clk 0:37:40]} 42. Rxe7 Kxe7 43. Bd3 {[%clk 0:24:56]} Bf7
{[%clk 0:36:57]} 44. Kd2 {[%clk 0:23:03]} Kd6 {[%clk 0:36:36]} 45. Kc3
{[%clk 0:22:17]} Bd5 {[%clk 0:36:17]} 46. e4 {[%clk 0:21:59]} Bc6
{[%clk 0:36:15]} 47. a5 {[%clk 0:21:01]} Bb7 {[%clk 0:36:18]} 48. a6
{[%clk 0:20:37]} Bc8 {[%clk 0:36:17]} 49. e5+ {[%clk 0:20:11]} Ke7
{[%clk 0:35:53]} 50. d5 {[%clk 0:19:18]} Bd7 {[%clk 0:35:46]} 51. Kb4
{[%clk 0:18:22]} Kd8 {[%clk 0:35:05]} 52. Kc5 {[%clk 0:17:33]} Kc7
{[%clk 0:34:40]} 53. e6 {[%clk 0:17:29]} Be8 {[%clk 0:34:42]} 54. d6+
{[%clk 0:17:22]} Kd8 {[%clk 0:34:58]} 55. e7+ {[%clk 0:17:23]} Kc8
{[%clk 0:35:12]} 56. Bb5 {[%clk 0:17:20]} Bxb5 {[%clk 0:35:09]} 57. Kxb5
{[%clk 0:17:42]} Kd7 {[%clk 0:35:31]} 58. Kc5 {[%clk 0:17:55]} Ke8
{[%clk 0:35:51]} 59. Kc6 {[%clk 0:18:10]} Kf7 {[%clk 0:36:09]} 60. Kd7
{[%clk 0:18:30]} Kg7 {[%clk 0:36:16]} 61. e8=Q {[%clk 0:18:38]} Kf6
{[%clk 0:36:37]} 62. Qe6+ {[%clk 0:18:41]} Kg7 {[%clk 0:37:02]} 63. Qf5
{[%clk 0:18:36]} Kh8 {[%clk 0:37:15]} 64. Qf6+ {[%clk 0:18:39]} Kh7
{[%clk 0:37:39]} 65. Qf7+ {[%clk 0:18:31]} Kh8 {[%clk 0:37:59]} 66. Qe7
{[%clk 0:18:41]} Kg8 {[%clk 0:38:20]} 67. Ke6 {[%clk 0:19:00]} Kh8
{[%clk 0:38:42]} 68. Kf6 {[%clk 0:19:22]} Kg8 {[%clk 0:39:04]} 69. Qg7#
{[%clk 0:19:43]} 1-0